000 00575nam a2200193 i 4500
001 25914
003 ES-MaACL
005 20250902174537.0
007 t|
008 030103s1971 sp |||| | spa d
100 1 _aArnau, Carmen.
_923049
245 1 3 _aEl mundo mítico de Gabriel García Márquez /
_cCarmen Arnau.
250 _a1ª ed.
260 _a[Barcelona] :
_bPenínsula,
_c1971.
300 _a134 p. ;
_c19 cm.
600 1 4 _aGarcía Márquez, Gabriel,
_d1927-2014-
_xCrítica e interpretación
_954890
852 _aES-MaACL
_jC-46014
999 _c25914
_d25914